Five Letter Geography - O - Statistics

General Stats
  • This quiz has been taken 54 times
  • The average score is 6 of 10
Answer Stats
Hint Answer % Correct
Eg. Pacific, Indian, Arctic... Ocean
100%
Japan's second most populous city Osaka
98%
Fertile spot in a desert where water is found Oasis
94%
Largest city in Nebraska Omaha
88%
Common oil near the Mediterranean sea Olive
71%
Largest coastal city of Ukraine Odesa
58%
Horseshoe shaped lake formed by a river Oxbow
31%
Earthy pigment from light yellow to brown Ocher
25%
A department and city of Bolivia Oruro
8%
Name of a small African antelope Oribi
2%
No matching quizzes found
Score Distribution
Percent of People with Each Score
Percentile by Number Answered
Your Score History
You have not taken this quiz